Städte auf der selben geogr. Länge oder Breite wie Berlin + Karte - Statistiken

Allgemein
  • Dieses Quiz wurde 1.643 mal gespielt
  • Das Durchschnittsergebnis liegt bei 13 aus 50
Antworten auf der Karte
Die Antworten werden auf der Karte rot bzw. grün angezeigt, abhängig davon wie oft sie richtig erraten wurden.
 
Antwortstatistiken
Himmelsrichtung Land Antwort Einwohnerzahl % Korrekt
Ost Polen Warschau 1.794k
79%
West Niederlande Amsterdam 873k
75%
West Deutschland Hannover 534k
75%
Süd Deutschland Dresden 556k
73%
Süd Österreich Salzburg 157k
69%
West Deutschland Potsdam 182k
61%
Süd Italien Palermo 676k
59%
West Großbritannien Birmingham 1.142k
57%
Nord Schweden Malmö 351k
57%
West Deutschland Braunschweig 249k
55%
West Deutschland Wolfsburg 124k
54%
West Deutschland Osnabrück 164k
45%
Süd Tschechien Pilsen 175k
44%
Süd Italien Triest 204k
43%
Süd Angola Luanda 2.572k
42%
Süd Libyen Tripoli ~1.170k
41%
Ost Polen Posen 532k
32%
West Großbritannien Norwich 143k
22%
Süd Italien Udine 100k
22%
West Niederlande Haarlem 161k
21%
West Großbritannien Leicester 330k
20%
Ost Russland Irkutsk 588k
18%
Ost Weißrussland Homel 510k
17%
Süd Italien Ancona 101k
16%
West Großbritannien Wolverhampton 263k
15%
West Niederlande Zwolle 127k
13%
West Großbritannien Coventry 372k
12%
West Niederlande Almere 114k
10%
Süd Angola Benguela 562k
8%
West Großbritannien Peterborough 202k
8%
Ost Polen Płock 118k
8%
Ost Russland Lipezk 509k
7%
Süd Nigeria Maiduguri 543k
7%
Ost Kasachstan Pawlodar 334k
7%
Ost Russland Tambow 280k
7%
Ost Polen Włocławek 109k
7%
Süd Kamerun Bertoua 218k
6%
Süd Kamerun Garoua ~600k
6%
Süd Angola Lobito 358k
6%
Süd Angola Lubango 903k
6%
Süd DR Kongo Matadi 302k
6%
Süd Kamerun Ngaoundéré 153k
6%
West Großbritannien Solihull 123k
6%
Ost Russland Angarsk 234k
5%
Ost Russland Bijsk 210k
5%
Süd Gabun Franceville 111k
5%
Ost Russland Jelez 108k
5%
Süd Nigeria Mubi >129k
5%
Süd Angola Catumbela 176k
4%
Süd Angola Porto Amboim 242k
4%
Keine übereinstimmenden Quizze gefunden
Verteilung der Resultate
Anzahl Personen mit jedem Resultat
Perzentil nach korrekt beantworteten Fragen
Ihre Resultats-Entwicklung
Sie haben dieses Quiz noch nicht gespielt